Vīrapāṇṭiyaṇ man̲aivi. (Record no. 76400)

MARC details
000 -LEADER
fixed length control field 00707cam a22002531 4500
001 - CONTROL NUMBER
control field sa 67007155
003 - CONTROL NUMBER IDENTIFIER
control field DLC
005 - DATE AND TIME OF LATEST TRANSACTION
control field 20260227112413.0
008 - FIXED-LENGTH DATA ELEMENTS--GENERAL INFORMATION
fixed length control field 900202s1965 ii a 000 1 tamo
010 ## - LIBRARY OF CONGRESS CONTROL NUMBER
LC control number sa 67007155
035 ## - SYSTEM CONTROL NUMBER
System control number (OCoLC)20992007
040 ## - CATALOGING SOURCE
Original cataloging agency DLC
Transcribing agency WaU
Modifying agency DLC
042 ## - AUTHENTICATION CODE
Authentication code premarc
043 ## - GEOGRAPHIC AREA CODE
Geographic area code a-ii---
050 00 - LIBRARY OF CONGRESS CALL NUMBER
Classification number PL4758.9.R336
Item number V5
100 1# - MAIN ENTRY--PERSONAL NAME
Personal name Rāmanātan̲, Aru.,
Dates associated with a name 1924-1974.
245 10 - TITLE STATEMENT
Title Vīrapāṇṭiyaṇ man̲aivi.
260 ## - PUBLICATION, DISTRIBUTION, ETC.
Date of publication, distribution, etc. [1965?]
300 ## - PHYSICAL DESCRIPTION
Extent 3 v.
Other physical details illus.
Dimensions 22 cm.
500 ## - GENERAL NOTE
General note In Tamil.
500 ## - GENERAL NOTE
General note A novel.
600 00 - SUBJECT ADDED ENTRY--PERSONAL NAME
Personal name Kulottunga
Numeration III,
Titles and other words associated with a name Chola King,
Dates associated with a name active 1178-1216
Form subdivision Fiction.
600 00 - SUBJECT ADDED ENTRY--PERSONAL NAME
Personal name Vira Pandya
Titles and other words associated with a name Pandya King,
Dates associated with a name active 12th century
Form subdivision Fiction.

No items available.

Powered by Koha